000 00420nam a22001697a 4500
005 20250619112930.0
008 250507b |||||||| |||| 00| 0 eng d
020 _a9781035035052
040 _cSDCL
041 _aeng
084 _aO-,3N71 R3 LR
100 _aKawaguchi, Toshikazu
_9753529
245 _aBefore the coffee gets cold
260 _aLondon :
_bPicador,
_c2023.
300 _a213p
942 _2CC
_cGB
999 _c1320339
_d1320339